Rag darbari (Record no. 1388873)

MARC details
000 -LEADER
fixed length control field 00569nam a2200217Ia 4500
005 - DATE AND TIME OF LATEST TRANSACTION
control field 20250508164402.0
008 - FIXED-LENGTH DATA ELEMENTS--GENERAL INFORMATION
fixed length control field 008 250505s9999 xx 000 0 hin d
020 ## - INTERNATIONAL STANDARD BOOK NUMBER
International Standard Book Number 978-81-267-1388-2
037 ## - SOURCE OF ACQUISITION
Stock number Textual
040 ## - CATALOGING SOURCE
Original cataloging agency FEDL
Language of cataloging eng
Transcribing agency FEDL
041 ## - LANGUAGE CODE
Language code of text/sound track or separate title hin
Source of code eng
084 ## - COLON CLASSIFICATION NUMBER
Classification number 891.433, SHU
Assigning agency FEDL
100 ## - MAIN ENTRY--PERSONAL NAME
Personal name Shukla Shrilal
245 #0 - TITLE STATEMENT
Title Rag darbari
250 ## - EDITION STATEMENT
Edition statement 12
260 ## - PUBLICATION, DISTRIBUTION, ETC.
Place of publication, distribution, etc. New Delhi, India
Name of publisher, distributor, etc. Raj Kamal Prakashan Pvt Ltd
Date of publication, distribution, etc. 2007
300 ## - PHYSICAL DESCRIPTION
Extent 334p
365 ## - TRADE PRICE
Price type code INR
Price amount 450
942 ## - ADDED ENTRY ELEMENTS (KOHA)
Koha item type Textual
Classification part 891.433, SHU
Holdings
Withdrawn status Lost status Damaged status Not for loan Home library Current library Date acquired Cost, normal purchase price Total Checkouts Full call number Barcode Date last seen Price effective from Koha item type
        Department of Education Library Department of Education Library 2025-05-08 450.00   891.433, SHU EL0082498 2025-05-08 2025-05-08 Textual
Copyright @ Delhi University Library System